Sol-gel synthesis and investigation of un-doped and Eu-doped strontium aluminate Sr[3]Al[2]O[6]; Перспективы развития фундаментальных наук; Т. 2 : Химия

Xehetasun bibliografikoak
Parent link:Перспективы развития фундаментальных наук=Prospects of Fundamental Sciences Development: сборник научных трудов XV Международной конференции студентов, аспирантов и молодых ученых, г. Томск, 24-27 апреля 2018 г./ Национальный исследовательский Томский политехнический университет (ТПУ) ; под ред. И. А. Курзиной, Г. А. Вороновой.— , 2018
Т. 2 : Химия.— 2018.— [С. 147-149]
Egile nagusia: Konnova S. I.
Erakunde egilea: Национальный исследовательский Томский государственный университет (ТГУ)
Beste egile batzuk: Mishenina L. N. (научный руководитель)
Gaia:Заглавие с экрана
Алюминат стронция был получен методом золь-гель. Использовали термическую обработку в сушильном шкафу для сушки геля. Для получения кристаллического продукта кубической модификации все образцы прокаливали в муфельной печи при температурах до 1000 °С. Морфологию поверхности прекурсора исследовали при растрового электронного микроскопа Hitachi ТМ3000. На основании данных рентгенофазового анализа сделали вывод об образовании алюмината стронция состава Sr[3]Al[2]O[6] с незначительными примесями фазы SrAl[4]O[7]. Золь-гель методом был получен люминофор состава Sr[2,8]Eu0,2Al[2]O[6]. Экспериментально было подтверждено свечение красного цвета полученного люминофора.
Hizkuntza:ingelesa
Argitaratua: 2018
Gaiak:
Sarrera elektronikoa:http://earchive.tpu.ru/handle/11683/50744
Formatua: MixedMaterials Baliabide elektronikoa Liburu kapitulua
KOHA link:https://koha.lib.tpu.ru/cgi-bin/koha/opac-detail.pl?biblionumber=627524

MARC

LEADER 00000naa2a2200000 4500
001 627524
005 20231101133451.0
035 |a (RuTPU)RU\TPU\conf\27401 
035 |a RU\TPU\conf\27397 
090 |a 627524 
100 |a 20180911d2018 k y0rusy50 ba 
101 0 |a eng  |d rus 
102 |a RU 
105 |a y z 100zy 
135 |a drcn ---uucaa 
181 0 |a i  
182 0 |a b 
200 1 |a Sol-gel synthesis and investigation of un-doped and Eu-doped strontium aluminate Sr[3]Al[2]O[6]  |d Синтез и исследование алюмината стронция Sr[3]Al[2]O[6], активированного ионами европия  |f S. I. Konnova  |g sci. adv. L. N. Mishenina 
203 |a Текст  |c электронный 
230 |a 1 компьютерный файл (pdf; 516 Kb) 
300 |a Заглавие с экрана 
320 |a [Библиогр.: с. 149 (2 назв.)] 
330 |a Алюминат стронция был получен методом золь-гель. Использовали термическую обработку в сушильном шкафу для сушки геля. Для получения кристаллического продукта кубической модификации все образцы прокаливали в муфельной печи при температурах до 1000 °С. Морфологию поверхности прекурсора исследовали при растрового электронного микроскопа Hitachi ТМ3000. На основании данных рентгенофазового анализа сделали вывод об образовании алюмината стронция состава Sr[3]Al[2]O[6] с незначительными примесями фазы SrAl[4]O[7]. Золь-гель методом был получен люминофор состава Sr[2,8]Eu0,2Al[2]O[6]. Экспериментально было подтверждено свечение красного цвета полученного люминофора. 
461 1 |0 (RuTPU)RU\TPU\conf\26928  |t Перспективы развития фундаментальных наук  |l Prospects of Fundamental Sciences Development  |o сборник научных трудов XV Международной конференции студентов, аспирантов и молодых ученых, г. Томск, 24-27 апреля 2018 г.  |o в 7 т.  |f Национальный исследовательский Томский политехнический университет (ТПУ) ; под ред. И. А. Курзиной, Г. А. Вороновой  |d 2018 
463 1 |0 (RuTPU)RU\TPU\conf\26930  |t Т. 2 : Химия  |v [С. 147-149]  |d 2018 
510 1 |a Синтез и исследование алюмината стронция Sr[3]Al[2]O[6], активированного ионами европия  |z rus 
610 1 |a электронный ресурс 
610 1 |a синтез 
610 1 |a алюминат стронция 
610 1 |a ионы 
610 1 |a европий 
610 1 |a золь-гель метод 
610 1 |a термическая обработка 
610 1 |a люминофоры 
700 1 |a Konnova  |b S. I. 
702 1 |a Mishenina  |b L. N.  |4 727 
712 0 2 |a Национальный исследовательский Томский государственный университет (ТГУ)  |c (2009- )  |2 stltpush  |3 (RuTPU)RU\TPU\col\17230 
801 2 |a RU  |b 63413507  |c 20181005  |g RCR 
856 4 |u http://earchive.tpu.ru/handle/11683/50744 
942 |c BK